000
00525nam a2200169Ia 4500
008
090711s9999 xx 000 0 und d
082
_b
1393
100
_a
दिघे प्रभाकर तुकाजी
245
_a
इंद्रधनु
260
_c
1936
300
_a
73
600
_a
दिघे प्रभाकर तुकाजी
630
_a
इंद्रधनु
700
_a
दिघे प्रभाकर तुकाजी
730
_a
इंद्रधनु
942
_c
BOOK
999
_c
304975
_d
304975